| 000 | 00481cam a22001451 4500 | ||
|---|---|---|---|
| 082 |
_a940.48 _bROW |
||
| 100 | 2 |
_aRowan-Robinson, H. _949499 |
|
| 245 | 1 | 0 |
_aBelated comments on a great event, _cby Maj.-Gen. H. Rowan-Robinson. |
| 260 |
_aLondon, _bWilliams & Norgate, ltd., _c1932. |
||
| 300 |
_a112 p. _bincl. front. (map) _c19 cm. |
||
| 526 |
_a0 _b0 _c0 _d940_480000000000000_ROW |
||
| 650 | 0 |
_aMCE _9379 |
|
| 650 | 0 |
_aSomme, 2nd Battle of the, France, 1918. _949377 |
|
| 942 |
_2ddc _cBK |
||
| 999 |
_c552415 _d552415 |
||